Basic Ship Theory / (Record no. 1384)

000 -LEADER
fixed length control field 00620nam a2200229 a 4500
008 - FIXED-LENGTH DATA ELEMENTS--GENERAL INFORMATION
fixed length control field 191230t2001 ii ad||g |||| 001 0 eng d
020 ## - INTERNATIONAL STANDARD BOOK NUMBER
International Standard Book Number 9789380931944
Terms of availability Rs .1350
040 ## - CATALOGING SOURCE
Original cataloging agency IMU Kochi Library
Language of cataloging eng
041 0# - LANGUAGE CODE
Language code of text/sound track or separate title eng
044 ## - COUNTRY OF PUBLISHING/PRODUCING ENTITY CODE
MARC country code India
082 04 - DEWEY DECIMAL CLASSIFICATION NUMBER
Edition number 23
Classification number 623.81
Item number R1997
100 1# - MAIN ENTRY--PERSONAL NAME
Personal name Rawson, K. J.
245 10 - TITLE STATEMENT
Title Basic Ship Theory /
250 ## - EDITION STATEMENT
Edition statement 4th ed.
260 ## - PUBLICATION, DISTRIBUTION, ETC. (IMPRINT)
Place of publication, distribution, etc New Delhi :
Name of publisher, distributor, etc Elsevier ,
Date of publication, distribution, etc 2011 .
300 ## - PHYSICAL DESCRIPTION
Extent xxviii, 727 p. :
Other physical details ill. , charts ;
Dimensions 23 cm.
504 ## - BIBLIOGRAPHY, ETC. NOTE
Bibliography, etc Includes Index
650 #0 - SUBJECT ADDED ENTRY--TOPICAL TERM
Topical term or geographic name as entry element Naval architecture
Form subdivision Textbooks
700 ## - ADDED ENTRY--PERSONAL NAME
Personal name Tupper, E. C.
Relator term Joint Author
852 ## - LOCATION/CALL NUMBER
Location IMU Kochi Library
942 ## - ADDED ENTRY ELEMENTS (KOHA)
Item type Books
Holdings
Withdrawn status Lost status Source of classification or shelving scheme Damaged status Not for loan Collection code Permanent location Current location Shelving location Date acquired Source of acquisition Cost, normal purchase price Total Checkouts Full call number Barcode Date last seen Date last borrowed Koha item type Public note
          Nautical Science IMU Kochi Library IMU Kochi Library General Stacks 2014-07-02 M/s Sterling Book House (Inv. No.2267 Dt 2014-01-27) 1350.00 1 623.81 R1997 BK001025 2024-10-22 2024-10-08 Books Gen. Shelf-13, Row-1
          Nautical Science IMU Kochi Library IMU Kochi Library General Stacks 2014-04-01 M/s VDO Marine Instrument (Inv. No.SL/2014-15/A0023 Dt 2014-04-17) 1215.00   623.81 R1997 BK001111 2019-12-30   Books Gen. Shelf-13, Row-1


Copyright © All Rights Reserved by Indian Maritime University, Kochi Campus.
For any Suggestions/Query Contact to library or Email: library.kochi@imu.ac.in Ph:(0484)-2989402
(Web OPAC Designed by Rudra Ranjan. Maintained by IMU Kochi Library)

Powered by Koha